| 000 | 01702nam a2200421 c 4500 | ||
|---|---|---|---|
| 999 |
_c114416 _d114416 |
||
| 003 | BLK | ||
| 005 | 20240313005514.0 | ||
| 008 | 180409b bul|||||r ||||||| ||bul|| | ||
| 010 | _aKNG00119847000 | ||
| 020 | _a978-954-740-054-2 | ||
| 020 | _a978-954-8701-66-2 | ||
| 040 | _aBLK | ||
| 041 |
_aBUL _cBUL |
||
| 072 | 7 |
_2bullib _aН84 _xБългарска художествена литература Н |
|
| 072 | 7 |
_2bullib _aК _xКраезнание |
|
| 080 |
_aБългарска литература _b821.163.2 _x-92 _z821.163.2-92 |
||
| 100 |
_aКаравелов, Любен Стойчев _d1834-1879 _gПисател, публицист, фолклорист, революционер _9431119 |
||
| 139 |
_aКаравелов, Любен Стойчев _bК 29 |
||
| 245 | 1 | 0 |
_aАмерика - оная обетована земя _bПублицистика _cЛюбен Стойчев Каравелов; състав. и встъп. студия Йордан Йорданов Палежев. |
| 257 | _aBGR | ||
| 260 |
_bЛит. форум _bДенница _c2012 _fРусе : Авангард принт |
||
| 300 |
_a256 с. _bпортр., факс. _c21 см |
||
| 380 | _aX | ||
| 653 | _aпублицистика | ||
| 659 | _aК | ||
| 659 | _aН | ||
| 700 | 1 |
_aПалежев, Йордан Йорданов _d1940- _9105744 |
|
| 852 | _aЦб 255491 | ||
| 852 | _aК 821.163.2/К 29 | ||
| 856 | 4 |
_qpdf _i0.00 _ldisable |
|
| 856 | 4 |
_qpdf _i0.00 _ldisable |
|
| 942 |
_cKNG _n0 _03 _s1 |
||
| 944 |
_aCR _c20.06.2012 _lCRON CRON _k |
||
| 944 |
_aED _c21.08.2014 _lф / |
||
| 999 | _d114416 | ||
| 999 | _d114416 | ||
| 999 | _d114416 | ||